000 00285nam a22001337a 4500
008 181012b xxu||||| |||| 00| 0 eng d
020 _a0721657087
041 _aeng
080 _23rd
_a611.085
100 _a9
101 _aHIS
245 _aHistology
_cLeeson,C.R
942 _2udc
_cBK
999 _c49487
_d49487